000 00426nam a2200169Ia 4500
003 LK-CoDNM
008 010623t1979 xxu||||| |||| 00| 1 eng d
040 _aLK-CoDNM
_dLK-CoDNM
_eLK-CoDNM
041 _aeng
080 _a376.68
_bWEE
100 _aWeeraperuma, Susunaga
245 _aSo you are going to emigrate to England, Mohandas
260 _bAuthor
_c1979
300 _b26, 22 cm
650 _aLetters
942 _cBK
999 _c110845
_d110845